Click the Correct Month - Statistics

General Stats
  • This quiz has been taken 287 times
  • The average score is 12 of 20
Answer Stats
Hint Answer % Correct
Christmas December
97%
Halloween October
89%
Thanksgiving (U.S.) November
85%
Independence Day (U.S.) July
84%
New Year's Eve December
80%
St. Patrick's Day March
77%
Boxing Day December
70%
Mother's Day (U.S.) May
70%
Star Wars Day May
69%
U.S. General Election Day November
67%
Father's Day (U.S.) June
66%
Thanksgiving (Canada) October
59%
National Pi Day (U.S.) March
57%
Earth Day (U.S.) April
56%
Labor Day (U.S.) September
52%
Super Bowl Sunday February
51%
Winter Olympics (since 1968) February
31%
Independence Day (India) August
26%
Canada Day July
22%
Australia Day January
17%
No matching quizzes found
Score Distribution
Percent of People with Each Score
Percentile by Number Answered
Your Score History
You have not taken this quiz